Harold Searles (notice n° 2161736)

détails MARC
000 -LEADER
fixed length control field 01208cam a2200133 4500500
005 - DATE AND TIME OF LATEST TRANSACTION
control field 20260405033420.0
041 ## - LANGUAGE CODE
Language code of text/sound track or separate title fre
042 ## - AUTHENTICATION CODE
Authentication code dc
100 10 - MAIN ENTRY--PERSONAL NAME
Personal name Souffir, Victor
Relator term author
245 00 - TITLE STATEMENT
Title Harold Searles
260 ## - PUBLICATION, DISTRIBUTION, ETC.
Name of publisher, distributor, etc. Presses Universitaires de France,<br/>
Date of publication, distribution, etc. 2005.<br/>
520 ## - SUMMARY, ETC.
Summary, etc. Les travaux d’Harold Searles sur la psychothérapie des patients schizophrènes l’ont fait connaître en Europe à travers son premier livre paru en France en 1977: L’effort pour rendre l’autre fou. Il a soigné durant une quinzaine d’années entre 1949 et 1965 des schizophrènes au Chesnut Lodge Sanitarium de Rockville dans le Maryland, lieu d’expérimentation des traitements psychanalytiques des psychotiques. Il témoigne de cet engagement personnel intense pour tenter de libérer des patients de l’enfer psychotique dans lequel ils sont enfermés. Convaincu de l’importance du contre-transfert, il témoigne aussisur lui-même en poursuivant sa propre analyse ce qui donne à ses textes, au-delà d’un enseignement clinique passionnant pour les psychiatres,une dimension humaine très forte.
856 41 - ELECTRONIC LOCATION AND ACCESS
Uniform Resource Identifier <a href="https://shs.cairn.info/harold-searles--9782130550747?lang=fr&redirect-ssocas=7080">https://shs.cairn.info/harold-searles--9782130550747?lang=fr&redirect-ssocas=7080</a>

Pas d'exemplaire disponible.

PLUDOC

PLUDOC est la plateforme unique et centralisée de gestion des bibliothèques physiques et numériques de Guinée administré par le CEDUST. Elle est la plus grande base de données de ressources documentaires pour les Étudiants, Enseignants chercheurs et Chercheurs de Guinée.

Adresse

627 919 101/664 919 101

25 boulevard du commerce
Kaloum, Conakry, Guinée

Réseaux sociaux

Powered by Netsen Group @ 2025